000 01177nam a22003491c 4500
001 a987692850
008 190826s2016 gw |||| 000u ger d
020 _a9783835318236
_9978-3-8353-1823-6
041 _ager
245 0 0 _a"Verliehen für die Flucht vor den Fahnen" :
_bDas Denkmal für die Verfolgten der NS-Militärjustiz in Wien /
_cherausgegeben von Juliane Alton, Thomas Geldmacher, Magnus Koch, Hannes Metzler
250 _a1. Auflage
264 _aGöttingen :
_bWallstein Verlag,
_c2016
300 _a275 Seiten
610 0 _aDeutschland. Wehrmacht
650 0 _aMilitärjustiz
650 0 _aDenkmal
650 0 _averfolgter
650 0 _aDeserteur
650 0 _aNationalsozialismus
650 0 _aNationalsozialismus > Opfer
650 0 _aVergangenheitsbewältigung
650 0 _aKollektives Gedächtnis
651 0 _aDenkmal für die Verfolgten der NS-Militärjustiz (Wien)
651 0 _aWien
700 1 _aAlton, Juliane
_eHerausgeberIn
700 1 _aGeldmacher, Thomas
_eHerausgeberIn
700 1 _aKoch, Magnus
_eHerausgeberIn
700 1 _aMetzler, Hannes
_eHerausgeberIn
942 _cMG
040 _cRU-10907106
003 RU-10907106
999 _c29428
_d29428